[Event "Olympiad-28"]
[Site "Thessaloniki"]
[Date "1988.11.19"]
[Round "6"]
[White "Kasparov, Garry"]
[Black "Short, Nigel D"]
[Result "1-0"]
[WhiteElo "2750"]
[BlackElo "2630"]
[PlyCount "45"]
[EventDate "1988.11.13"]
[EventType "team-swiss"]
[EventRounds "14"]
[EventCountry "GRE"]
[SourceTitle "TD"]
[Source "ChessBase"]
[SourceDate "1994.03.01"]
[SourceVersion "1"]
[SourceVersionDate "1994.03.01"]
[SourceQuality "1"]
[WhiteTeam "Soviet Union"]
[BlackTeam "England"]
[WhiteTeamCountry "URS"]
[BlackTeamCountry "ENG"]

1. c4 {Donev,Ivo Hristov} e6 2. Nc3 d5 3. d4 Be7 4. cxd5 exd5 5. Bf4 c6 6. Qc2 g6 7. e3 ({RR} 7. f3) 7... Bf5 8. Qd2 Nf6 ({RR} 8... Nd7 9. f3 g5 ({RR} 9... Nb6 10. e4 Be6 11. e5) 10. Bg3 h5 11. e4 dxe4 12. fxe4 Bg6 13. Bd3 h4 14. Bf2 Nf8 15. O-O-O Qa5 16. Nf3 Bh5 17. d5 h3 18. Bd4 Rh6 19. Rhg1 hxg2 20. Be2 Ng6 21. Rxg2 Nf4 22. Qxf4 gxf4 23. Rxg8+) 9. f3 ({RR} 9. Nge2 Nbd7 10. Ng3 Be6 11. Bd3 O-O 12. O-O ({RR} 12. Bh6 Re8 13. f3 c5 14. O-O a6 15. Rad1 Qb6 16. Bb1 Rad8 17. Kh1 cxd4 18. exd4 Nf8 19. a3 Bd7 20. Ba2 Bc6 21. Rfe1) 12... Ne8 13. Bh6 Ng7 14. Nce2 f5 15. b4 a6 16. a4 a5 17. b5 Bb4 18. Qc2 Rc8 19. bxc6 bxc6 20. Rfc1) 9... c5 ({RR} 9... h5 10. Bd3 ({RR} 10. Nge2 h4 ({RR} 10... Nbd7 11. Ng3 Be6 12. Bd3 O-O 13. O-O a6 14. Bg5)) 10... Bxd3 11. Qxd3 Na6 ({RR} 11... Nbd7 12. Nge2 O-O 13. e4 ({RR} 13. O-O Re8 14. e4 Nf8 ({RR} 14... dxe4 15. fxe4 Nc5 16. Qf3 Ne6 17. Be5) 15. e5 N6h7 16. Bd2 ({RR} 16. Bh6 Qd7 17. f4 f5 18. Nd1 ({RR} 18. exf6 Bxf6 19. f5 g5) ({RR} 18. Bxf8 Nxf8 19. Nd1 Ne6 20. Ne3 Rf8) 18... Ne6) 16... Qd7 17. f4 f5 18. Nd1 Ne6 19. Ne3) ({RR} 13. O-O-O) 13... dxe4 14. fxe4 Nc5 15. Qf3 Ne6 16. O-O-O) 12. Nge2 ({RR} 12. a3 Nc7 13. Nge2 Ne6 14. Be5 Bd6 15. O-O h4 16. Rad1) 12... Nc7 ({RR} 12... Qd7 13. Be5 h4 14. Nf4 g5 15. Nh3 Rg8 16. Nf2 Qe6 17. h3 Nc5 18. Qd2 Ncd7 19. Bh2 Bd6 20. Bxd6 Qxd6 21. O-O O-O-O 22. Rac1 ({RR} 22. e4 dxe4 23. Nfxe4 Nxe4 24. fxe4 Ne5 25. Rad1 g4)) 13. O-O ({RR} 13. Be5 Ne6 14. O-O-O) 13... Ne6 14. Be5 h4 ({RR} 14... O-O {RR} 15. a3 ({RR} 15. e4 Qb6 16. Na4 Qb4) ({RR} 15. f4 Ng7 16. f5 Nxf5 ({RR} 16... g5 17. Bxf6 Bxf6 18. e4 dxe4 19. Nxe4) 17. Rxf5 gxf5 18. Rf1 ({RR} 18. Qxf5)) 15... Nd7 16. Bg3 Bh4 ({RR} 16... h4 17. Bf2) 17. b4) 15. Rae1 ({RR} 15. e4 Rh5 ({RR} 15... O-O 16. Bxf6 Bxf6 17. e5 Bg7 18. f4 f5)) ({RR} 15. Nf4 Nxf4 16. exf4 Qd7 17. Rae1 Kf8) 15... O-O ({RR} 15... Qd7 16. g4 ({RR} 16. e4 Rh5 17. Rd1 ({RR} 17. exd5 Nxd5 18. Nxd5 Qxd5 19. Nc3 Qd7) 17... Rd8 18. Qc2) 16... hxg3 17. hxg3 Ng5 18. g4 Rh7 19. Ng3 ({RR} 19. Kg2 Nxg4 20. fxg4 Qxg4+ 21. Bg3 Rh3) 19... Qe6) 16. g4 ({RR} 16. e4 Qb6) ({RR} 16. h3 Nd7 17. Bh2 Re8) ({RR} 16. Nf4 Nxf4 ({RR} 16... Qd7 17. g4) 17. exf4 ({RR} 17. Bxf4 Nh5 18. Bh6 Re8 19. e4 Bg5) 17... Qd7 18. g4 Ne8 ({RR} 18... hxg3 19. hxg3 Qh3 20. Ne2 Nh5 21. Rf2) ({RR} 18... Nh7 19. Kh1)) ({RR} 16. f4 Ng7 17. f5 Nxf5 18. Rxf5 gxf5 19. Qxf5 Nh7 20. e4 ({RR} 20. g3 Bb4) 20... dxe4 21. Nxe4 f6 22. Bf4 Qd5) 16... hxg3 ({RR} 16... Nd7 17. f4 ({RR} 17. Nf4 Nxe5 18. dxe5 Qd7) ({RR} 17. h3 Nxe5 18. dxe5 Kg7 19. f4 f6 20. exf6+ Bxf6) 17... Nxe5 ({RR} 17... f6 18. Qxg6+ Ng7 19. Kh1) 18. dxe5 f5 19. Kh1 ({RR} 19. Nd4)) 17. hxg3 ({RR} 17. Nxg3 Nd7 18. f4 f5) 17... Nd7 18. Kg2 ({RR} 18. f4 f6 19. Qxg6+ Ng7 20. g4 ({RR} 20. Kg2 Qe8) 20... fxe5 21. dxe5 ({RR} 21. fxe5 Bh4) 21... Qe8 22. Qh6 Bc5 23. Nd4 Nxe5 24. fxe5 Qxe5) 18... Nxe5 ({RR} 18... Re8 19. Rh1 Nxe5 20. dxe5 Qb6 21. f4 ({RR} 21. Rh2 Bf8 22. Reh1 ({RR} 22. f4 Qxb2 23. e4 d4) 22... Bg7 23. f4 Qxb2 24. Rb1 Qa3) ({RR} 21. Qd2 Bc5 22. Nf4 Nxf4+ 23. exf4) 21... Qxb2 22. Rb1 Qa3) 19. dxe5 Qd7 ({RR} 19... Kg7 20. f4 ({RR} 20. Rh1 Qb6 21. Qd2 Rh8 22. f4) ({RR} 20. Nd4) ({RR} 20. Nf4) 20... f5 21. Rh1 ({RR} 21. g4 Bh4 ({RR} 21... fxg4 {RR} 22. Ng3) ({RR} 21... Nc5 22. Qd2 fxg4 23. f5 gxf5 24. Ng3) 22. gxf5 gxf5 23. Rd1 Qe8 24. Rh1 ({RR} 24. Rg1 Qh5) 24... Qg6+ 25. Kf1 Qh5 26. Nd4) ({RR} 21. exf6+ Bxf6) 21... Qd7) ({RR} 19... Qb6) 20. f4 f5 ({RR} 20... Nc5 21. Qb1 ({RR} 21. Qc2 Qg4 22. Nd4) 21... Qg4) ({RR} 20... Kg7 21. e4 Nc5 22. Qf3 dxe4 23. Nxe4 Nxe4 24. Qxe4 Rad8) 21. g4 ({RR} 21. exf6 Rxf6 ({RR} 21... Bxf6 22. Qxg6+ Qg7 23. Qxg7+ Bxg7 24. g4) 22. e4 Nc5 23. Qd2 dxe4 24. Qxd7 Nxd7 25. Nxe4 Rf7 26. Nd4) 21... Rf7 ({RR} 21... Ng7 22. Rh1 Kf7 ({RR} 22... fxg4 23. Qxg6 Qf5 24. Qh6) 23. Rh6 Rh8 24. Reh1 Rxh6 25. Rxh6 Rd8) ({RR} 21... Nc5 22. Qc2 Ne4 23. Rh1 ({RR} 23. gxf5 gxf5 24. Nd4) 23... Kg7 24. gxf5 gxf5 25. Reg1 Rg8 26. Kf3+ Kf8 27. Rxg8+ Kxg8 28. Nd4) ({RR} 21... Rae8 22. Rh1) 22. Rh1 Bf8 ({RR} 22... Kg7 23. Ng3 ({RR} 23. g5 Rh8 24. Rxh8 Kxh8 25. Rh1+ Kg8 ({RR} 25... Rh7 26. Rxh7+ Kxh7 27. e4 fxe4 28. Nxe4 Nc5 29. Nxc5 Bxc5 ({RR} 29... Qg4+ 30. Kh2 Bxc5 31. Qh3+ Qxh3+) 30. Qh3+ Qxh3+ 31. Kxh3 Kg7 32. Kg4 Kf7 33. f5) 26. Rh6 Rg7 27. Nd4 Nf8 28. a3) 23... Rg8 ({RR} 23... fxg4 24. f5 ({RR} 24. Nh5+ gxh5 25. Rxh5 Rh8 26. Rxh8 Kxh8 27. Rh1+ Kg8 28. Qg6+ Rg7 29. Qh5 d4) 24... Raf8 ({RR} 24... gxf5 25. Nxf5+) 25. Ref1 ({RR} 25. fxe6 Rf2+ 26. Kg1 Qxe6 27. Qd4 b6) ({RR} 25. f6+ Bxf6 26. exf6+ Rxf6 27. Ref1 Rf3) 25... gxf5 26. Nxf5+ Rxf5 27. Rxf5) 24. gxf5 ({RR} 24. Rh2 fxg4 25. f5 ({RR} 25. Reh1 Rxf4 26. Rh6 Kf7 ({RR} 26... Kf8 27. Rxg6 Rf7 28. Nh5 Rxg6 29. Qxg6) 27. Rxg6 Rxg6 28. Rh7+ Rg7 29. Rxg7+ Kxg7 30. Nh5+ Kh6 31. Nxf4 Nxf4+ 32. exf4 Bh4 33. Ne2 c5 34. f5 Kg5) 25... gxf5 26. Nxf5+ Kf8 27. Rf1 Nc5 28. Qb1 Ke8) ({RR} 24. g5 Rff8 25. Rh6 Rh8 26. Reh1 Rxh6 27. Rxh6 Rh8 28. Rxh8 Kxh8 29. Nge2) ({RR} 24. Qd1 fxg4 25. Ref1 ({RR} 25. Qxg4 Nxf4+) 25... Nc5 26. b4 Na6 27. e4 Bxb4 28. f5 ({RR} 28. exd5 Bxc3 29. e6 Qxd5+ 30. Qxd5 cxd5 31. exf7 Kxf7) 28... Qe8 29. e6 Rf6 30. Qc1 Kf8 31. e5) 24... gxf5 25. Kf3 ({RR} 25. Nxf5+ Kf8+ 26. Ng3 Rxf4 27. Ref1 Rxf1 28. Rxf1+ Ke8 29. Qh7 Rg7) ({RR} 25. Rh5 Nc5 26. Qd4 ({RR} 26. Qc2 Ne4 27. Ncxe4 fxe4 28. Reh1 ({RR} 28. f5 Kf8 29. Rf1 Qc7 30. f6 Bxf6 31. Rhf5 Ke8 32. R1f2 Rh7) 28... Kf8 ({RR} 28... Qg4 29. Qe2 Qxe2+ 30. Nxe2 Kf8+ 31. Kf2 Rfg7 32. f5 Bc5 33. Nf4 Ke8 34. Rh8) 29. Rh8 ({RR} 29. Qe2 Rfg7 30. R1h3 d4 31. exd4 Qxd4) 29... Rfg7 30. Rxg8+ Rxg8 31. Qe2 Qg4 ({RR} 31... Qe6 32. Qh5 ({RR} 32. Rh3 Qg6 33. Qh5 ({RR} 33. a3 Bh4 34. Qf2 Qg4 35. f5 c5 36. e6 Ke7) 33... Qxh5 34. Rxh5 Bc5 35. Rh7 ({RR} 35. Kf2 Bxe3+ 36. Kxe3 Rxg3+ 37. Kd4 Rd3+ 38. Kc5 e3) 35... Bxe3 36. e6 Ke8 ({RR} 36... Rg4 37. f5 Bf4 38. e7+ Ke8 39. f6 Rxg3+ 40. Kh1 Kd7 41. Rh8) 37. f5 Bd4 38. Kh3 ({RR} 38. Rxb7 Be5 39. Rb3 Rg5) 38... Rh8 39. Rxh8+ Bxh8) 32... Bc5 33. Qh4 Bxe3 ({RR} 33... Bb6 34. Kf1 d4 35. exd4 Qxa2 36. Qf6+ Ke8 37. Rh8 Qc4+ 38. Ne2 Qf7 39. Rxg8+ Qxg8 40. Qf5 Qd5 41. Qc8+ Bd8 42. Kf2 ({RR} 42. Qxb7 e3 43. Kg1 Qf3)) 34. Qd8+ Qe8 35. Qf6+ Qf7 36. Qd6+ Qe7 37. Qb8+ Qe8 38. Qd6+) 32. Qxg4 Rxg4 33. Rh8+ Kg7 ({RR} 33... Kf7 34. Kh3) 34. Rb8 b6 35. f5 Bc5 36. Kh3 Rg5 37. Kh4 Bxe3 38. Nh5+) 26... Kf8 27. Reh1 Rfg7 28. R1h3 Qe6 29. Nce2 Ne4 30. Qxa7 Nxg3 31. Rxg3 Rxg3+ 32. Nxg3 Rxg3+ 33. Kxg3 Qg6+ 34. Rg5 Bxg5 35. fxg5 Qxg5+ 36. Kf2 Qh4+ 37. Ke2 Qh2+ 38. Kd3 Qxb2 39. Qb8+ Kf7) 25... Kf8 26. Rh5 ({RR} 26. Rh6 Nc5 27. Qc2 Ne4 28. Nce2 Rfg7 29. Rg1 d4) 26... Nc5 27. Qc2 Ne4 28. Nce2 ({RR} 28. Ngxe4 fxe4+)) 23. gxf5 ({RR} 23. Ng3 Nc5 24. Qd1 fxg4 25. Rh4 Bg7 26. Rxg4 Nd3 27. Rh1 Nxb2 28. Qe2 Qe6 29. Rg5 Nc4 30. Qd3 Re8 31. Rxg6 Nxe3+ ({RR} 31... Qd7 32. Rhh6) 32. Kg1 Qd7 33. Qxe3 d4 34. e6 dxe3 35. exd7) 23... Nc5 ({RR} 23... gxf5 {RR} 24. Ng3 {RR} Nc5 25. Qd1) 24. Qd1 {Topalov,V (2740)-Karpov,A (2735) Wijk aan Zee 1998 CBM 063 [Donev,Ivo Hristov] 1-0 (50)}) ({RR} 9... O-O 10. g4 ({RR} 10. Nge2 Nbd7 ({RR} 10... c5 11. dxc5 Bxc5 12. Bg5) ({RR} 10... Re8 11. Ng3 Be6 12. Be2 c5 13. O-O cxd4 14. exd4 Nc6 15. Kh1 Bf8 16. Rad1 Bg7 17. Be5 h5) 11. Ng3 ({RR} 11. g4 Be6 12. Ng3 c5 ({RR} 12... Ne8 13. Bh6 Ng7 14. O-O-O) 13. Rd1 ({RR} 13. h4 Ne8) 13... cxd4 14. exd4 Ne8) 11... Be6 12. Be2) 10... Be6 11. Nge2 ({RR} 11. Bd3 c5 12. Nge2 Nc6 13. Kf1 Nd7 14. Rc1 a6 15. Kg2 Re8 16. Qe1 Bf6 17. Qf2 cxd4 18. exd4 Qb6 19. Be3 Qxb2 20. Rb1 Qa3 21. Rxb7 Reb8 22. Rhb1 Rxb7 23. Rxb7 Rb8 24. Rxb8+ Ndxb8) ({RR} 11. h4 c5 12. Bd3 Nc6 13. Nge2) 11... c5 12. h4 Nc6 13. dxc5 Bxc5 14. O-O-O Rc8 15. Kb1 Qa5 16. Bg5 Be7 17. Nd4 Ne5 18. h5 Nxf3 19. Nxf3 d4 20. exd4 Ne4 21. Bxe7 ({RR} 21. Qg2 Rxc3 22. d5 Bxd5 23. Rxd5 Qxd5) 21... Nxd2+ 22. Rxd2 Rfe8) ({RR} 9... Nbd7 10. Nge2 Nb6 11. Ng3 Be6 12. Bd3 h5 13. Nge2 h4 14. e4 ({RR} 14. Bg5 Qd7 15. e4 O-O-O 16. e5 Ng8 17. b3 Bf5 18. Bxe7 Nxe7 19. O-O-O Bxd3 20. Qxd3 Kb8) 14... Nh5 15. Be3 Qd7 16. e5 Bf5 17. b3 Rd8 18. g4 hxg3 19. hxg3 Bxd3 20. Qxd3 Rg8 21. O-O-O Ng7 22. g4) ({RR} 9... h5 10. Bd3 Bxd3 11. Qxd3 Nbd7 12. Nge2 Nf8 13. O-O Ne6 14. Be5 Qd7 15. e4 O-O 16. Bxf6 Bxf6 17. e5 Be7 18. f4 Ng7 19. Nd1 f5 20. Ne3 Ne6 21. Kh1 Rf7 22. Rf3 Raf8 23. Raf1 Rh7 24. g3 {Schmidek,E (2448)-Costantino,C (2205) Karlsruhe GER 2026 1-0 (48)}) 10. Bh6 cxd4 11. exd4 a6 $146 ({RR} 11... Nc6 12. g4 Be6 13. Bb5 Nd7 14. O-O-O Rc8 15. Nge2 a6 16. Bxc6 Rxc6 17. Kb1 Nb6 18. b3 Bb4 19. Rc1 Qe7 20. Nf4 Bxg4 21. fxg4 Bxc3 22. Qd3 Kd7 23. Ne2 Bb4 24. Rxc6 Kxc6 25. Rf1 Nc8 26. Bg7 {Gulko,B (2610)-Beliavsky,A (2640) Linares 1989 0-1 (43)}) 12. g4 Be6 13. Nge2 Nbd7 14. Bg2 Nb6 15. b3 Rc8 16. O-O Rc6 17. h3 Nfd7 18. Nd1 Rg8 19. Nf2 f5 20. Rae1 g5 21. gxf5 Bf7 22. Ng4 Bh5 23. Ng3 1-0

[Event "URS-chT Cup 12th"]
[Site "Kislovodsk"]
[Date "1982.06.??"]
[Round "3"]
[White "Petrosian, Tigran V"]
[Black "Beliavsky, Alexander G"]
[Result "1/2-1/2"]
[WhiteElo "2605"]
[BlackElo "2615"]
[PlyCount "61"]
[EventDate "1982.06.??"]
[EventType "team-tourn"]
[EventRounds "7"]
[EventCountry "URS"]
[SourceTitle "EXT 2020"]
[Source "ChessBase"]
[SourceDate "2019.10.17"]
[SourceVersion "1"]
[SourceVersionDate "2019.10.17"]
[SourceQuality "1"]
[WhiteTeam "Spartak"]
[BlackTeam "Trud"]
[WhiteTeamCountry "URS"]
[BlackTeamCountry "URS"]

1. c4 {Donev,Ivo Hristov} e6 2. d4 d5 3. Nc3 Be7 4. cxd5 exd5 5. Bf4 c6 6. Qc2 g6 7. e3 ({RR} 7. f3) 7... Bf5 8. Qd2 Nf6 ({RR} 8... Nd7 9. f3 g5 ({RR} 9... Nb6 10. e4 Be6 11. e5) 10. Bg3 h5 11. e4 dxe4 12. fxe4 Bg6 13. Bd3 h4 14. Bf2 Nf8 15. O-O-O Qa5 16. Nf3 Bh5 17. d5 h3 18. Bd4 Rh6 19. Rhg1 hxg2 20. Be2 Ng6 21. Rxg2 Nf4 22. Qxf4 gxf4 23. Rxg8+) 9. f3 ({RR} 9. Nge2 Nbd7 10. Ng3 Be6 11. Bd3 O-O 12. O-O ({RR} 12. Bh6 Re8 13. f3 c5 14. O-O a6 15. Rad1 Qb6 16. Bb1 Rad8 17. Kh1 cxd4 18. exd4 Nf8 19. a3 Bd7 20. Ba2 Bc6 21. Rfe1) 12... Ne8 13. Bh6 Ng7 14. Nce2 f5 15. b4 a6 16. a4 a5 17. b5 Bb4 18. Qc2 Rc8 19. bxc6 bxc6 20. Rfc1) 9... c5 ({RR} 9... h5 10. Bd3 ({RR} 10. Nge2 h4 ({RR} 10... Nbd7 11. Ng3 Be6 12. Bd3 O-O 13. O-O a6 14. Bg5)) 10... Bxd3 11. Qxd3 Na6 ({RR} 11... Nbd7 12. Nge2 O-O 13. e4 ({RR} 13. O-O Re8 14. e4 Nf8 ({RR} 14... dxe4 15. fxe4 Nc5 16. Qf3 Ne6 17. Be5) 15. e5 N6h7 16. Bd2 ({RR} 16. Bh6 Qd7 17. f4 f5 18. Nd1 ({RR} 18. exf6 Bxf6 19. f5 g5) ({RR} 18. Bxf8 Nxf8 19. Nd1 Ne6 20. Ne3 Rf8) 18... Ne6) 16... Qd7 17. f4 f5 18. Nd1 Ne6 19. Ne3) ({RR} 13. O-O-O) 13... dxe4 14. fxe4 Nc5 15. Qf3 Ne6 16. O-O-O) 12. Nge2 ({RR} 12. a3 Nc7 13. Nge2 Ne6 14. Be5 Bd6 15. O-O h4 16. Rad1) 12... Nc7 ({RR} 12... Qd7 13. Be5 h4 14. Nf4 g5 15. Nh3 Rg8 16. Nf2 Qe6 17. h3 Nc5 18. Qd2 Ncd7 19. Bh2 Bd6 20. Bxd6 Qxd6 21. O-O O-O-O 22. Rac1 ({RR} 22. e4 dxe4 23. Nfxe4 Nxe4 24. fxe4 Ne5 25. Rad1 g4)) 13. O-O ({RR} 13. Be5 Ne6 14. O-O-O) 13... Ne6 14. Be5 h4 ({RR} 14... O-O {RR} 15. a3 ({RR} 15. e4 Qb6 16. Na4 Qb4) ({RR} 15. f4 Ng7 16. f5 Nxf5 ({RR} 16... g5 17. Bxf6 Bxf6 18. e4 dxe4 19. Nxe4) 17. Rxf5 gxf5 18. Rf1 ({RR} 18. Qxf5)) 15... Nd7 16. Bg3 Bh4 ({RR} 16... h4 17. Bf2) 17. b4) 15. Rae1 ({RR} 15. e4 Rh5 ({RR} 15... O-O 16. Bxf6 Bxf6 17. e5 Bg7 18. f4 f5)) ({RR} 15. Nf4 Nxf4 16. exf4 Qd7 17. Rae1 Kf8) 15... O-O ({RR} 15... Qd7 16. g4 ({RR} 16. e4 Rh5 17. Rd1 ({RR} 17. exd5 Nxd5 18. Nxd5 Qxd5 19. Nc3 Qd7) 17... Rd8 18. Qc2) 16... hxg3 17. hxg3 Ng5 18. g4 Rh7 19. Ng3 ({RR} 19. Kg2 Nxg4 20. fxg4 Qxg4+ 21. Bg3 Rh3) 19... Qe6) 16. g4 ({RR} 16. e4 Qb6) ({RR} 16. h3 Nd7 17. Bh2 Re8) ({RR} 16. Nf4 Nxf4 ({RR} 16... Qd7 17. g4) 17. exf4 ({RR} 17. Bxf4 Nh5 18. Bh6 Re8 19. e4 Bg5) 17... Qd7 18. g4 Ne8 ({RR} 18... hxg3 19. hxg3 Qh3 20. Ne2 Nh5 21. Rf2) ({RR} 18... Nh7 19. Kh1)) ({RR} 16. f4 Ng7 17. f5 Nxf5 18. Rxf5 gxf5 19. Qxf5 Nh7 20. e4 ({RR} 20. g3 Bb4) 20... dxe4 21. Nxe4 f6 22. Bf4 Qd5) 16... hxg3 ({RR} 16... Nd7 17. f4 ({RR} 17. Nf4 Nxe5 18. dxe5 Qd7) ({RR} 17. h3 Nxe5 18. dxe5 Kg7 19. f4 f6 20. exf6+ Bxf6) 17... Nxe5 ({RR} 17... f6 18. Qxg6+ Ng7 19. Kh1) 18. dxe5 f5 19. Kh1 ({RR} 19. Nd4)) 17. hxg3 ({RR} 17. Nxg3 Nd7 18. f4 f5) 17... Nd7 18. Kg2 ({RR} 18. f4 f6 19. Qxg6+ Ng7 20. g4 ({RR} 20. Kg2 Qe8) 20... fxe5 21. dxe5 ({RR} 21. fxe5 Bh4) 21... Qe8 22. Qh6 Bc5 23. Nd4 Nxe5 24. fxe5 Qxe5) 18... Nxe5 ({RR} 18... Re8 19. Rh1 Nxe5 20. dxe5 Qb6 21. f4 ({RR} 21. Rh2 Bf8 22. Reh1 ({RR} 22. f4 Qxb2 23. e4 d4) 22... Bg7 23. f4 Qxb2 24. Rb1 Qa3) ({RR} 21. Qd2 Bc5 22. Nf4 Nxf4+ 23. exf4) 21... Qxb2 22. Rb1 Qa3) 19. dxe5 Qd7 ({RR} 19... Kg7 20. f4 ({RR} 20. Rh1 Qb6 21. Qd2 Rh8 22. f4) ({RR} 20. Nd4) ({RR} 20. Nf4) 20... f5 21. Rh1 ({RR} 21. g4 Bh4 ({RR} 21... fxg4 {RR} 22. Ng3) ({RR} 21... Nc5 22. Qd2 fxg4 23. f5 gxf5 24. Ng3) 22. gxf5 gxf5 23. Rd1 Qe8 24. Rh1 ({RR} 24. Rg1 Qh5) 24... Qg6+ 25. Kf1 Qh5 26. Nd4) ({RR} 21. exf6+ Bxf6) 21... Qd7) ({RR} 19... Qb6) 20. f4 f5 ({RR} 20... Nc5 21. Qb1 ({RR} 21. Qc2 Qg4 22. Nd4) 21... Qg4) ({RR} 20... Kg7 21. e4 Nc5 22. Qf3 dxe4 23. Nxe4 Nxe4 24. Qxe4 Rad8) 21. g4 ({RR} 21. exf6 Rxf6 ({RR} 21... Bxf6 22. Qxg6+ Qg7 23. Qxg7+ Bxg7 24. g4) 22. e4 Nc5 23. Qd2 dxe4 24. Qxd7 Nxd7 25. Nxe4 Rf7 26. Nd4) 21... Rf7 ({RR} 21... Ng7 22. Rh1 Kf7 ({RR} 22... fxg4 23. Qxg6 Qf5 24. Qh6) 23. Rh6 Rh8 24. Reh1 Rxh6 25. Rxh6 Rd8) ({RR} 21... Nc5 22. Qc2 Ne4 23. Rh1 ({RR} 23. gxf5 gxf5 24. Nd4) 23... Kg7 24. gxf5 gxf5 25. Reg1 Rg8 26. Kf3+ Kf8 27. Rxg8+ Kxg8 28. Nd4) ({RR} 21... Rae8 22. Rh1) 22. Rh1 Bf8 ({RR} 22... Kg7 23. Ng3 ({RR} 23. g5 Rh8 24. Rxh8 Kxh8 25. Rh1+ Kg8 ({RR} 25... Rh7 26. Rxh7+ Kxh7 27. e4 fxe4 28. Nxe4 Nc5 29. Nxc5 Bxc5 ({RR} 29... Qg4+ 30. Kh2 Bxc5 31. Qh3+ Qxh3+) 30. Qh3+ Qxh3+ 31. Kxh3 Kg7 32. Kg4 Kf7 33. f5) 26. Rh6 Rg7 27. Nd4 Nf8 28. a3) 23... Rg8 ({RR} 23... fxg4 24. f5 ({RR} 24. Nh5+ gxh5 25. Rxh5 Rh8 26. Rxh8 Kxh8 27. Rh1+ Kg8 28. Qg6+ Rg7 29. Qh5 d4) 24... Raf8 ({RR} 24... gxf5 25. Nxf5+) 25. Ref1 ({RR} 25. fxe6 Rf2+ 26. Kg1 Qxe6 27. Qd4 b6) ({RR} 25. f6+ Bxf6 26. exf6+ Rxf6 27. Ref1 Rf3) 25... gxf5 26. Nxf5+ Rxf5 27. Rxf5) 24. gxf5 ({RR} 24. Rh2 fxg4 25. f5 ({RR} 25. Reh1 Rxf4 26. Rh6 Kf7 ({RR} 26... Kf8 27. Rxg6 Rf7 28. Nh5 Rxg6 29. Qxg6) 27. Rxg6 Rxg6 28. Rh7+ Rg7 29. Rxg7+ Kxg7 30. Nh5+ Kh6 31. Nxf4 Nxf4+ 32. exf4 Bh4 33. Ne2 c5 34. f5 Kg5) 25... gxf5 26. Nxf5+ Kf8 27. Rf1 Nc5 28. Qb1 Ke8) ({RR} 24. g5 Rff8 25. Rh6 Rh8 26. Reh1 Rxh6 27. Rxh6 Rh8 28. Rxh8 Kxh8 29. Nge2) ({RR} 24. Qd1 fxg4 25. Ref1 ({RR} 25. Qxg4 Nxf4+) 25... Nc5 26. b4 Na6 27. e4 Bxb4 28. f5 ({RR} 28. exd5 Bxc3 29. e6 Qxd5+ 30. Qxd5 cxd5 31. exf7 Kxf7) 28... Qe8 29. e6 Rf6 30. Qc1 Kf8 31. e5) 24... gxf5 25. Kf3 ({RR} 25. Nxf5+ Kf8+ 26. Ng3 Rxf4 27. Ref1 Rxf1 28. Rxf1+ Ke8 29. Qh7 Rg7) ({RR} 25. Rh5 Nc5 26. Qd4 ({RR} 26. Qc2 Ne4 27. Ncxe4 fxe4 28. Reh1 ({RR} 28. f5 Kf8 29. Rf1 Qc7 30. f6 Bxf6 31. Rhf5 Ke8 32. R1f2 Rh7) 28... Kf8 ({RR} 28... Qg4 29. Qe2 Qxe2+ 30. Nxe2 Kf8+ 31. Kf2 Rfg7 32. f5 Bc5 33. Nf4 Ke8 34. Rh8) 29. Rh8 ({RR} 29. Qe2 Rfg7 30. R1h3 d4 31. exd4 Qxd4) 29... Rfg7 30. Rxg8+ Rxg8 31. Qe2 Qg4 ({RR} 31... Qe6 32. Qh5 ({RR} 32. Rh3 Qg6 33. Qh5 ({RR} 33. a3 Bh4 34. Qf2 Qg4 35. f5 c5 36. e6 Ke7) 33... Qxh5 34. Rxh5 Bc5 35. Rh7 ({RR} 35. Kf2 Bxe3+ 36. Kxe3 Rxg3+ 37. Kd4 Rd3+ 38. Kc5 e3) 35... Bxe3 36. e6 Ke8 ({RR} 36... Rg4 37. f5 Bf4 38. e7+ Ke8 39. f6 Rxg3+ 40. Kh1 Kd7 41. Rh8) 37. f5 Bd4 38. Kh3 ({RR} 38. Rxb7 Be5 39. Rb3 Rg5) 38... Rh8 39. Rxh8+ Bxh8) 32... Bc5 33. Qh4 Bxe3 ({RR} 33... Bb6 34. Kf1 d4 35. exd4 Qxa2 36. Qf6+ Ke8 37. Rh8 Qc4+ 38. Ne2 Qf7 39. Rxg8+ Qxg8 40. Qf5 Qd5 41. Qc8+ Bd8 42. Kf2 ({RR} 42. Qxb7 e3 43. Kg1 Qf3)) 34. Qd8+ Qe8 35. Qf6+ Qf7 36. Qd6+ Qe7 37. Qb8+ Qe8 38. Qd6+) 32. Qxg4 Rxg4 33. Rh8+ Kg7 ({RR} 33... Kf7 34. Kh3) 34. Rb8 b6 35. f5 Bc5 36. Kh3 Rg5 37. Kh4 Bxe3 38. Nh5+) 26... Kf8 27. Reh1 Rfg7 28. R1h3 Qe6 29. Nce2 Ne4 30. Qxa7 Nxg3 31. Rxg3 Rxg3+ 32. Nxg3 Rxg3+ 33. Kxg3 Qg6+ 34. Rg5 Bxg5 35. fxg5 Qxg5+ 36. Kf2 Qh4+ 37. Ke2 Qh2+ 38. Kd3 Qxb2 39. Qb8+ Kf7) 25... Kf8 26. Rh5 ({RR} 26. Rh6 Nc5 27. Qc2 Ne4 28. Nce2 Rfg7 29. Rg1 d4) 26... Nc5 27. Qc2 Ne4 28. Nce2 ({RR} 28. Ngxe4 fxe4+)) 23. gxf5 ({RR} 23. Ng3 Nc5 24. Qd1 fxg4 25. Rh4 Bg7 26. Rxg4 Nd3 27. Rh1 Nxb2 28. Qe2 Qe6 29. Rg5 Nc4 30. Qd3 Re8 31. Rxg6 Nxe3+ ({RR} 31... Qd7 32. Rhh6) 32. Kg1 Qd7 33. Qxe3 d4 34. e6 dxe3 35. exd7) 23... Nc5 ({RR} 23... gxf5 {RR} 24. Ng3 {RR} Nc5 25. Qd1) 24. Qd1 {Topalov,V (2740)-Karpov,A (2735) Wijk aan Zee 1998 CBM 063 [Donev,Ivo Hristov] 1-0 (50)}) ({RR} 9... O-O 10. g4 ({RR} 10. Nge2 Nbd7 ({RR} 10... c5 11. dxc5 Bxc5 12. Bg5) ({RR} 10... Re8 11. Ng3 Be6 12. Be2 c5 13. O-O cxd4 14. exd4 Nc6 15. Kh1 Bf8 16. Rad1 Bg7 17. Be5 h5) 11. Ng3 ({RR} 11. g4 Be6 12. Ng3 c5 ({RR} 12... Ne8 13. Bh6 Ng7 14. O-O-O) 13. Rd1 ({RR} 13. h4 Ne8) 13... cxd4 14. exd4 Ne8) 11... Be6 12. Be2) 10... Be6 11. Nge2 ({RR} 11. Bd3 c5 12. Nge2 Nc6 13. Kf1 Nd7 14. Rc1 a6 15. Kg2 Re8 16. Qe1 Bf6 17. Qf2 cxd4 18. exd4 Qb6 19. Be3 Qxb2 20. Rb1 Qa3 21. Rxb7 Reb8 22. Rhb1 Rxb7 23. Rxb7 Rb8 24. Rxb8+ Ndxb8) ({RR} 11. h4 c5 12. Bd3 Nc6 13. Nge2) 11... c5 12. h4 Nc6 13. dxc5 Bxc5 14. O-O-O Rc8 15. Kb1 Qa5 16. Bg5 Be7 17. Nd4 Ne5 18. h5 Nxf3 19. Nxf3 d4 20. exd4 Ne4 21. Bxe7 ({RR} 21. Qg2 Rxc3 22. d5 Bxd5 23. Rxd5 Qxd5) 21... Nxd2+ 22. Rxd2 Rfe8) ({RR} 9... Nbd7 10. Nge2 Nb6 11. Ng3 Be6 12. Bd3 h5 13. Nge2 h4 14. e4 ({RR} 14. Bg5 Qd7 15. e4 O-O-O 16. e5 Ng8 17. b3 Bf5 18. Bxe7 Nxe7 19. O-O-O Bxd3 20. Qxd3 Kb8) 14... Nh5 15. Be3 Qd7 16. e5 Bf5 17. b3 Rd8 18. g4 hxg3 19. hxg3 Bxd3 20. Qxd3 Rg8 21. O-O-O Ng7 22. g4) ({RR} 9... h5 10. Bd3 Bxd3 11. Qxd3 Nbd7 12. Nge2 Nf8 13. O-O Ne6 14. Be5 Qd7 15. e4 O-O 16. Bxf6 Bxf6 17. e5 Be7 18. f4 Ng7 19. Nd1 f5 20. Ne3 Ne6 21. Kh1 Rf7 22. Rf3 Raf8 23. Raf1 Rh7 24. g3 {Schmidek,E (2448)-Costantino,C (2205) Karlsruhe GER 2026 1-0 (48)}) 10. Bb5+ ({RR} 10. Bh6 cxd4 11. exd4 Nc6 12. g4 Be6 13. Bb5 Nd7 14. O-O-O Rc8 15. Nge2 a6 16. Bxc6 Rxc6 17. Kb1 Nb6 18. b3 Bb4 19. Rc1 Qe7 20. Nf4 Bxg4 21. fxg4 Bxc3 22. Qd3 Kd7 23. Ne2 Bb4 24. Rxc6 Kxc6 {Gulko,B (2610)-Beliavsky,A (2640) Linares 1989 0-1 (43)}) 10... Nc6 11. dxc5 $146 ({RR} 11. Nge2 O-O 12. Rc1 c4 13. g4 Bd3 14. Bh6 Re8 15. Nf4 Bf8 16. Bxc6 Bxh6 17. Bxe8 Qxe8 18. Kf2 Bxf4 19. exf4 Qc6 20. Rhe1 b5 21. Kg3 Qb6 22. Qf2 Rc8 23. Re5 Qc6 24. a3 a5 25. Qc2 b4 {Dokhoian,Y (2550)-Upton,T (2245) Cattolica 1993 1-0 (42)}) 11... Bxc5 12. Na4 Be7 13. Bh6 Bd7 14. Bxc6 Bxc6 15. Nc3 Bc5 16. O-O-O Qe7 17. h4 O-O-O 18. Nge2 Ne8 19. Nd4 Nc7 20. Kb1 Ne6 21. Nce2 Kb8 22. Nxe6 Qxe6 23. Qc3 Bb6 24. Nd4 Qd7 25. g4 Rhe8 26. Rc1 Rc8 27. Qd3 Ka8 28. Bg5 Qd6 29. h5 Qe5 30. Bf4 Qe7 31. hxg6 1/2-1/2

[Event "Madrid"]
[Site "Madrid"]
[Date "1995.??.??"]
[Round "8"]
[White "Beliavsky, Alexander G"]
[Black "Polgar, Judit"]
[Result "1/2-1/2"]
[WhiteElo "2650"]
[BlackElo "2630"]
[PlyCount "40"]
[EventDate "1995.05.??"]
[EventType "tourn"]
[EventRounds "9"]
[EventCountry "ESP"]
[EventCategory "16"]
[SourceTitle "CBM 047"]
[Source "ChessBase"]
[SourceDate "1995.08.01"]
[SourceVersion "1"]
[SourceVersionDate "1995.08.01"]
[SourceQuality "1"]

1. d4 {Kortschnoj,Viktor Lvovich} d5 2. c4 e6 3. Nc3 Bb4 4. a3 Bxc3+ 5. bxc3 Ne7 6. e4 dxe4 7. Qg4 O-O 8. Qxe4 c5 9. Nf3 Nbc6 10. Bd3 $146 ({RR} 10. Be2 Ng6 11. O-O Bd7 12. a4 e5 13. Nxe5 Ncxe5 14. dxe5 Bc6 15. Qe3 Nxe5 16. Qxe5 Re8 17. Qh5 g6 18. Qxc5 Rxe2 19. Be3 Qe8 20. Rae1 Rxe1 21. Rxe1 a6 22. f3 Qf8 23. Qd4 Re8 24. a5 Qe7 {Shirov,A (2655)-Piket,J (2615) Dortmund 1992 CBM 029 [Kortschnoj,Viktor Lvovich] ½-½ (41)}) 10... Ng6 11. O-O Re8 12. Rd1 f5 13. Qe2 e5 14. dxe5 Ncxe5 15. Bxf5 Qe7 16. Nxe5 Bxf5 17. f4 Nxe5 18. fxe5 Qxe5 19. Qxe5 Rxe5 20. Rd5 Rxd5 1/2-1/2